Alle Städte und Gemeinden im Bodenseekreis - Statistiken

Allgemein
  • Dieses Quiz wurde 21 mal gespielt
  • Das Durchschnittsergebnis liegt bei 9 aus 23
Antwortstatistiken
Antwort % Korrekt
Friedrichshafen
100%
Überlingen
94%
Meersburg
82%
Salem
65%
Hagnau am Bodensee
53%
Markdorf
53%
Uhldingen-Mühlhofen
53%
Immenstaad am Bodensee
47%
Sipplingen
41%
Stetten
41%
Tettnang
41%
Owingen
35%
Bermatingen
29%
Deggenhausertal
24%
Heiligenberg
24%
Kressbronn am Bodensee
24%
Langenargen
24%
Meckenbeuren
24%
Daisendorf
12%
Eriskirch
12%
Oberteuringen
12%
Neukirch
6%
Frickigen
0%
Keine übereinstimmenden Quizze gefunden
Verteilung der Resultate
Anzahl Personen mit jedem Resultat
Perzentil nach korrekt beantworteten Fragen
Ihre Resultats-Entwicklung
Sie haben dieses Quiz noch nicht gespielt